000
00242nam a22001097a 4500
003
SGT
082
_a
005.268,JER
100
_a
JERKE,NOEL.
245
_a
THE COMPLETE REFERENCE VISUAL BASIC-6
260
_a
NEW DELHI
_b
TMH
_c
2013
942
_2
ddc
_c
CD
999
_c
10936
_d
10936